000 00748 a2200241 4500
001 216220744
003 UA-OsUOA
005 20210527164224.0
008 210525b un ||||| |||| 00| 0 ukr d
020 _a0679446958
040 _aUA-OsUOA
_bukr
_cUA-OsUOA
_dUA-OsUOA
041 _aukr
080 _a94(4)
090 _a94(4)
100 _aGoldhagen D. J.
245 _aHitler's Willing Executioners. Ordinary Germans and the Holocaust
_cD. J. Goldhagen
260 _c1996
_aNew York
300 _a622 p.
650 _2UDC
_a94(4) Історія Європи
942 _cBK
_2udc
955 _a1
999 _c570647
_d570647